000 00610cam a2200181 4500500
005 20260405003954.0
041 _afre
042 _adc
100 1 0 _aPerragin, Charles
_eauthor
245 0 0 _a“Éloges du dépassement” : la Terre vue du ciel par Étienne Klein et Thomas Pesquet
260 _c2025.
500 _a9
690 _aEspace
690 _aÉtienne Klein
690 _aThomas Pesquet
786 0 _nPhilosophie magazine | 194 | 11 | 2025-11-01 | p. 149-150 | 1951-1787
856 4 1 _uhttps://shs.cairn.info/magazine-philosophie-magazine-2025-11-page-149?lang=fr&redirect-ssocas=7080
999 _c2072552
_d2072552